• 首页
  • 本馆介绍
  • 公告通知
  • 最新文献
  • 馆藏检索
  • 电子资源
  • 读者荐购
  • 参考咨询
  • CALIS
  • 我的图书馆
  • 登录
  • 详细信息显示
  • 放入我的书架
  • 预约/预借图书
  • 作者相关作品
  • 分类相关作品
  • 丛书相关作品
  • 出版社相关作品

书目信息

  • 表格格式
  • 工作单格式
  • 卡片格式
题名:
数据库原理及应用案例教程
    
 
作者: 胡锦丽 主编
分册:  
出版信息: 北京   北京大学出版社  2008.08
页数: 386页
开本: 26cm
丛书名:
单 册:
中图分类: TP311.13
科图分类:
主题词: 数据库--shu ju ku--高等教育--教材
电子资源:
ISBN: 978-7-301-13663-8
 
 
 
 
 
000 01019nam0 2200253 450
001 012009713596
005 20090805185202.47
010    @a978-7-301-13663-8@dCNY40.00
100    @a20090805d2008 em y0chi0120 ea
101 0  @achi
102    @aCN@b110000
105    @aak a 000yy
106    @ar
200 1  @a数据库原理及应用案例教程@Ashu ju ku yuan li ji ying yong an li jiao cheng@eSQL Server版@f胡锦丽主编@Fhu jin li zhu bian
210    @a北京@c北京大学出版社@d2008.08
215    @a386页@c图@d26cm
300    @a21世纪全国高职高专计算机案例型规划教材
320    @a有书目
330    @a全面讲述了关系数据库的原理与SQL Server 2005的应用及其开发。第1-3章讲述数据库的基本原理知识;第4-7章讲述数据库管理系统SQL Server 2005的实用技术;第8-10章讲述SQL Server 2005的数据库管理技术;第11-12章讲述SQL Server 2005的数据库开发应用技术。
606 0  @a数据库@Ashu ju ku@x高等教育@j教材
690    @aTP311.13@v4
701  0 @a胡锦丽@Ahu jin li@4主编
801  0 @aCN@bQSSK@c20090805
905    @b750088-90@dTP311.13@eH473@f3
    
    数据库原理及应用案例教程:SQL Server版/胡锦丽主编.-北京:北京大学出版社,2008.08
    386页:图;26cm
    21世纪全国高职高专计算机案例型规划教材
    
    ISBN 978-7-301-13663-8:CNY40.00
    全面讲述了关系数据库的原理与SQL Server 2005的应用及其开发。第1-3章讲述数据库的基本原理知识;第4-7章讲述数据库管理系统SQL Server 2005的实用技术;第8-10章讲述SQL Server 2005的数据库管理技术;第11-12章讲述SQL Server 2005的数据库开发应用技术。
●
相关链接 在E读中查询图书 在当当中查询图书 在豆瓣中查询图书


正题名:数据库原理及应用案例教程     索取号:TP311.13/H473         预约/预借

序号 登录号 条形码 馆藏地/架位号 状态 备注
1 750088   207500881   期刊室512/301自科库 70排2列2层/ [索取号:TP311.13/H473] 在馆    
2 750089   207500890   自科二线404/404自科库 11排5列3层/ [索取号:TP311.13/H473] 在馆    
3 750090   207500907   期刊室512/301自科库 70排2列2层/ [索取号:TP311.13/H473] 在馆    
河南城建学院图书馆 欢迎您!
大连网信软件有限公司© 版权所有